Central Library OPAC University of Rajshahi

Modern principles of athletic training / (Record no. 16736)

MARC details
000 -LEADER
fixed length control field 00792cam a22002771 4500
001 - CONTROL NUMBER
control field 16736
003 - CONTROL NUMBER IDENTIFIER
rucl marc code BD-RjUL
005 - DATE AND TIME OF LATEST TRANSACTION
control field 20211209000038.0
008 - FIXED-LENGTH DATA ELEMENTS--GENERAL INFORMATION
fixed length control field 140215s1969 moua 001 0 eng
035 ## - SYSTEM CONTROL NUMBER
System control number (BD-RjUL)16791
System control number (OCoLC)1387383
040 ## - CATALOGING SOURCE
Original cataloging agency DLC
Transcribing agency TxDW
Modifying agency OCoLC
-- Uk
-- DLC
Language of cataloging eng
041 ## - LANGUAGE CODE
Language code of text/sound track or separate title eng
082 00 - DEWEY DECIMAL CLASSIFICATION NUMBER
Classification number 796.4
Author mark and year KLM 1969
100 1# - MAIN ENTRY--PERSONAL NAME
Personal name Klafs, Carl E.
9 (RLIN) 51693
245 10 - TITLE STATEMENT
Title Modern principles of athletic training /
Statement of responsibility, etc. Carl E. Klafs and Daniel D. Arnheim.
250 ## - EDITION STATEMENT
Edition statement 2nd ed.
260 ## - PUBLICATION, DISTRIBUTION, ETC. (IMPRINT)
Place of publication, distribution, etc. St. Louis :
Name of publisher, distributor, etc. Mosby,
Date of publication, distribution, etc. 1969.
300 ## - PHYSICAL DESCRIPTION
Pagination x, 448 p. :
Illustrations illus. ;
Size 25 cm.
504 ## - BIBLIOGRAPHY, ETC. NOTE
Bibliography, etc Includes index.
650 #0 - SUBJECT ADDED ENTRY--TOPICAL TERM
Topical term or geographic name as entry element Physical education and training
9 (RLIN) 51694
700 1# - ADDED ENTRY--PERSONAL NAME
Personal name Arnheim, Daniel D.,
942 ## - ADDED ENTRY ELEMENTS (KOHA)
Source of classification or shelving scheme Dewey Decimal Classification
Koha item type Books
Holdings
Lost status Source of classification or shelving scheme Damaged status Not for loan Collection code Permanent Location Current Location Shelving location Date acquired Source of acquisition Cost, normal purchase price Total Checkouts Full call number Date last seen Copy number Koha item type
  Dewey Decimal Classification   Not For Loan Non-fiction Central Library, University of Rajshahi Central Library, University of Rajshahi Reading Room 10/02/1970 Zeitlinger 76.00   796.4 KLM 1969 15/02/2014 C-1 Books
  Dewey Decimal Classification     Non-fiction Central Library, University of Rajshahi Central Library, University of Rajshahi   10/02/1970 Zeitlinger 76.00   796.4 KLM 1969 21/01/2020 C-2 Books
  Dewey Decimal Classification     Non-fiction Central Library, University of Rajshahi Central Library, University of Rajshahi   10/02/1970 Zeitlinger 76.00   796.4 KLM 1969 21/01/2020 C-3 Books